000 00642nam a2200217Ia 4500
005 20250602151258.0
008 008 250516s9999 xx 000 0 eng d
020 _a9781041029397
040 _beng
_cSDCL
041 _aeng
_2eng
084 _aV2:28'P R5
100 _aChakrabarty, Bidyut
245 0 _aPublic administration in India
260 _aLondon :
_bRoutledge,
_c2025.
300 _a433p.
650 _aIndia -- Politics and government
_933658
650 _aIndia -- Politics and government -- 1977
_9811420
650 _aPublic administration -- India
_933534
700 _aKandpal, Prakash chand
942 _cTEXL
_2CC
999 _c1429813
_d1429813